Rihanna - Paroles Diamonds - Statistiques

Statistiques générales
  • Ce quiz a été pris 294 fois
  • Le résultat moyen est 306 sur 376
Statistiques - réponses
Hint Réponse % Correct
a
100%
like
100%
diamond
99%
I
98%
I,
98%
sky
95%
the
95%
be
94%
Bridge | Intro | Outro | Post-refrain Shine
94%
shine
94%
in
93%
You
93%
you
93%
bright
92%
bright,
92%
beautiful
90%
to
90%
and
89%
we
87%
Oh,
83%
oh
83%
oh,
83%
(whoa)
83%
diamonds
80%
happy
77%
we're
77%
We're
77%
sea,
70%
see,
70%
Refrain So
67%
so
67%
alive,
66%
alive
66%
light
63%
your
61%
star
60%
of
59%
vision
59%
Eye
58%
eye,
58%
me,
58%
tonight,
58%
I'm
57%
When
57%
choose
54%
away
53%
energy
53%
saw
53%
Couplet 1 Find
48%
first
47%
You're
47%
shooting
46%
right
45%
knew
44%
that
44%
hold
43%
inside
42%
At
41%
never
40%
die,
39%
ecstasy
38%
eyes
37%
felt
37%
sun
37%
sight
35%
universe
35%
one
34%
life
33%
become
32%
Feel
31%
as
27%
Molly
25%
moonshine
25%
rays
24%
we'll
23%
rise
21%
yeah
19%
Shining
17%
we'd
17%
Couplet 2 Palms
13%
warmth,
10%
Aucun quiz correspondant
Distribution des résultats
% des personnes avec chaque résultat
Percentile par nombre de réponses
Votre historique - résultats
Vous n’avez pas pris ce quiz